000 00816nam a2200205 a 4500
008 120416s1995 ||||||||||||||||| || u
020 _a0077079353
050 _aHF 5415 Job
100 _aJobber, David, 1947-
245 1 0 _aPrinciples and practice of marketing
260 _aLondon
_bMcGraw-Hill
_c1995
300 _axx, 745 p. : ill.
350 _a0.00
500 _aBibliography.
650 _aMarketing - Europe - Case studies
650 0 _aMARKETING--MANAGEMENT--CASE STUDIES
650 0 _aMARKETING
995 _aBINDERY (DAMAGED)
_D0.00
_e733463
_FCBU-MAIN LIBRARY (Kitwe)
_H1
_I0.00
_jHF 5415 JOB
_M1
_UDAMAGED
_y45158
_ZMain Library Open Access Collection
995 _aTEXTBOOKS (SB)
_D0.00
_e1129
_FCBU-SCHOOL TEXTBOOK COLLECTIONS
_H1
_I0.00
_jSCHOOL TEXTBOOK
_M2
_UAVAILABLE
_WSep 10, 2009
_y1129
_ZSchool Collections
999 _c77283
_d77283